| 000 | 00349nam a2200133Ia 4500 | ||
|---|---|---|---|
| 008 | 231017s9999 xx 000 0 und d | ||
| 082 | _a388.312 | ||
| 082 | _bPAP | ||
| 245 | 0 | _aNCHRP Synthesis Of Highway Practice 386: High Speed Weight In Motion System Calibration Practices | |
| 245 | 0 | _cTRB | |
| 260 | _bTRB | ||
| 300 | _c30cm | ||
| 942 | _cREP | ||
| 999 |
_c604389 _d604389 |
||